| 000 | 00603cam a22001217a 4500 | ||
|---|---|---|---|
| 008 | 180718b1968 xxu||||| |||| 00| 0 eng d | ||
| 082 | _aI549x73 In8 | ||
| 245 |
_aDynamics of information flow: recommendations to improve the flow of information within and among federal, state and local governments: a report _cby Intergovernmental Task Force on Information Systems, 1967 |
||
| 260 |
_aWashington, D.C. _bIntergovernmental Task Force on Information System _c1968 |
||
| 300 | _a31p. | ||
| 650 | _aInformation Service, Government - U.S.A. | ||
| 700 | _aIntergovernmental Task Force on Information Systems, 1967 | ||
| 999 |
_c479955 _d479955 |
||